Житие Олимпиады девы. Ч.1, кн.1 (Запись № 13490904)

Подробности
000 -МАРКЕР
контрольное поле 00857nam2a22002051 4500
001 - ИДЕНТИФИКАТОР ЗАПИСИ
контрольное поле RU\NLR\A1SV\135521
005 - ИДЕНТИФИКАТОР ВЕРСИИ
контрольное поле 20251214192347.0
035 ## - ДРУГИЕ СИСТЕМНЫЕ НОМЕРА
Идентификатор записи (NLR Aleph) 010680256
100 ## - ДАННЫЕ ОБЩЕЙ ОБРАБОТКИ
Данные общей обработки 20150216d1918 u y0rusy50 ca
101 0# - ЯЗЫК РЕСУРСА
Язык текста, звукозаписи и т.д. русский
200 0# - ЗАГЛАВИЕ И СВЕДЕНИЯ ОБ ОТВЕТСТВЕННОСТИ
Основное заглавие Ч.1, кн.1
215 ## - ФИЗИЧЕСКАЯ ХАРАКТЕРИСТИКА
Специфическое обозначение материала и объем 158 с.
461 #1 - УРОВЕНЬ НАБОРА
Встроенное поле 001RU\NLR\A1SV\135520
-- 2000#$aЖитие Олимпиады девы$e[Роман]$fЕ.Нагродская$vЧ.1, кн.1
-- 700#1$aНагродская$bЕ. А.$f1866-1930$gЕвдокия Аполлоновна$3RU\NLR\AUTH\770284781
Системный номер (АБИС) связанной записи 9643908
Автор Нагродская, Е. А. (1866-1930)
Место публикации [Пг.]
Дата публикации [1918]
Первые сведения об ответственности Е.Нагродская
Имя издателя, распространителя и т.д. М.И.Семенов
Сведения, относящиеся к заглавию [Роман]
Заглавие Житие Олимпиады девы
Номер тома Ч.1, кн.1
801 #0 - ИСТОЧНИК ЗАПИСИ
Страна Российская Федерация
Организация NLR
Дата составления 20150216
852 ## - МЕСТОНАХОЖДЕНИЕ И ШИФР ХРАНЕНИЯ
Идентификатор организации NLR
942 ## - ДОПОЛНИТЕЛЬНЫЕ ЭЛЕМЕНТЫ ЗАПИСИ (АБИС)
Тип экземпляра АБИС Книга
980 ## - КОЛЛЕКЦИЯ
Название коллекции Международный сводный каталог русской книги (1918-1926)
980 ## - КОЛЛЕКЦИЯ
Название коллекции Национальная библиография

Нет доступных экземпляров.